[Event "Online Olym Div2 D 2020"]
[Site "chess.com INT"]
[Date "2020.08.14"]
[Round "2.5"]
[Board "6"]
[White "Gomez Barrera, Javiera Belen"]
[Black "Haile, Batel Goitom"]
[Result "1-0"]
[WhiteTitle "WIM"]
[WhiteElo "2083"]
[BlackElo "1587"]
[WhiteTeam "Chile"]
[BlackTeam "Iceland"]
[WhiteFideId "3418723"]
[BlackFideId "2315190"]
[EventDate "2020.08.14"]
[EventType "team"]

1. e4 c5 2. Nf3 g6 3. d4 cxd4 4. Nxd4 Bg7 5. c4 Nc6 6. Be3 Nf6 7. Nc3 d6 8. h3
a6 9. Be2 Bd7 10. Nf3 O-O 11. O-O Rc8 12. Rc1 Re8 13. Qd2 Be6 14. b3 Nd7 15. Ng5
Nf8 16. Nxe6 Nxe6 17. Nd5 Nc5 18. f3 Nd7 19. Rfd1 Nf6 20. Bb6 Qd7 21. c5 Nxd5
22. Qxd5 Nb4 23. Qd2 Nc6 24. cxd6 exd6 25. Qxd6 Bd4+ 26. Rxd4 Nxd4 27. Qxd7
Nxe2+ 28. Kh2 Nxc1 29. e5 Nxa2 30. e6 fxe6 31. Bd4 e5 32. Bxe5 Rxe5 33. Qxc8+
Kf7 34. Qxb7+ Re7 35. Qd5+ Re6 36. Qd2 Nc1 37. Qxc1 h5 38. Qc7+ Kf6 39. Kg3 g5
40. h4 Kg6 41. Qc5 gxh4+ 42. Kxh4 Kg7 43. Qd4+ Kg6 44. Qd3+ Kf6 45. Kxh5 Re5+
46. Kh6 Ke6 47. f4 Rd5 48. Qg6+ Kd7 49. Qf7+ Kc6 50. f5 Rd6+ 51. f6 Rd7 52.
Qxd7+ Kxd7 53. Kg7 Kc6 54. f7 Kb5 55. f8=Q a5 56. Qf4 1-0

[Event "Online Olym Div2 D 2020"]
[Site "chess.com INT"]
[Date "2020.08.14"]
[Round "3.1"]
[Board "1"]
[White "Henriquez Villagra, Cristobal"]
[Black "Agdestein, Simen"]
[Result "0-1"]
[WhiteTitle "GM"]
[BlackTitle "GM"]
[WhiteElo "2600"]
[BlackElo "2552"]
[WhiteTeam "Chile"]
[BlackTeam "Norway"]
[WhiteFideId "3409350"]
[BlackFideId "1500015"]
[EventDate "2020.08.14"]
[EventType "team"]

1. e4 e6 2. d4 d5 3. e5 c5 4. c3 Nc6 5. Nf3 Bd7 6. Be2 Rc8 7. O-O h6 8. Na3 cxd4
9. cxd4 Bxa3 10. bxa3 Nge7 11. Rb1 Na5 12. Qd2 O-O 13. Bd1 b6 14. Re1 Qe8 15.
Qf4 Ba4 16. Bb3 Bxb3 17. axb3 Rc3 18. Bd2 Ng6 19. Qg4 Rxb3 20. Rxb3 Nxb3 21. Bb4
a5 22. Bxf8 Qxf8 23. Nh4 Nxh4 24. Qxh4 b5 25. Qg3 Qxa3 26. Qc3 a4 27. Qc8+ Qf8
28. Qd7 Nxd4 29. Rd1 Ne2+ 30. Kh1 b4 31. Qb7 a3 32. h3 a2 0-1

[Event "Online Olym Div2 D 2020"]
[Site "chess.com INT"]
[Date "2020.08.14"]
[Round "3.1"]
[Board "2"]
[White "Urkedal, Frode Olav Olsen"]
[Black "Salinas Herrera, Pablo"]
[Result "1-0"]
[WhiteTitle "GM"]
[BlackTitle "GM"]
[WhiteElo "2549"]
[BlackElo "2514"]
[WhiteTeam "Norway"]
[BlackTeam "Chile"]
[WhiteFideId "1506102"]
[BlackFideId "3407128"]
[EventDate "2020.08.14"]
[EventType "team"]

1. d4 d5 2. c4 c6 3. Nf3 Nf6 4. e3 Bf5 5. Nc3 e6 6. Nh4 Be4 7. f3 Bg6 8. Qb3 Qc7
9. Bd2 Be7 10. cxd5 cxd5 11. Nxg6 hxg6 12. O-O-O Nc6 13. Kb1 a6 14. Rc1 O-O 15.
Qd1 Rfd8 16. h4 e5 17. g4 exd4 18. exd4 Nxd4 19. h5 gxh5 20. g5 Nh7 21. Rxh5 g6
22. Rh4 Nf5 23. Nxd5 Qd6 24. Nxe7+ Nxe7 25. Rc2 Rac8 26. Bc4 Rxc4 27. Rhxc4 Nxg5
28. Qh1 Ne6 29. Rh4 Nd5 30. Rh8+ Kg7 31. Bh6+ Kf6 32. Qh4+ Kf5 33. Bg7 g5 34.
Qe4# 1-0

[Event "Online Olym Div2 D 2020"]
[Site "chess.com INT"]
[Date "2020.08.14"]
[Round "3.1"]
[Board "3"]
[White "Abarca Gonzalez, Damaris"]
[Black "Stanford, Sheila Barth"]
[Result "1/2-1/2"]
[WhiteTitle "WFM"]
[BlackTitle "WIM"]
[WhiteElo "2047"]
[BlackElo "2153"]
[WhiteTeam "Chile"]
[BlackTeam "Norway"]
[WhiteFideId "3409414"]
[BlackFideId "1500953"]
[EventDate "2020.08.14"]
[EventType "team"]

1. e4 c5 2. Nc3 Nc6 3. g3 g6 4. Bg2 Bg7 5. d3 e6 6. Be3 d6 7. Qd2 Rb8 8. Nge2
Nd4 9. Nc1 Ne7 10. Nd1 O-O 11. c3 Ndc6 12. Bh6 d5 13. h4 dxe4 14. Bxg7 Kxg7 15.
h5 Nf5 16. Bxe4 g5 17. Ne2 Nh6 18. f4 g4 19. Ne3 f5 20. Bxc6 bxc6 21. Nc4 Qd5
22. O-O-O Ba6 23. b3 Nf7 24. Qe3 h6 25. Kc2 Rfe8 26. Ne5 Nxe5 27. Qxe5+ Kf7 28.
c4 Qxe5 29. fxe5 Bc8 30. Nc3 Ke7 31. Na4 Rf8 32. Nxc5 Bd7 33. Rdf1 Be8 34. d4
Rg8 35. Nd3 Bf7 36. Nf4 a5 37. Rb1 Rb7 38. Kc3 Rgb8 39. a3 Ra7 40. Rb2 Rd8 41.
Ng6+ Ke8 42. Nf4 Ke7 43. Rhb1 Rad7 44. Rd2 Ra7 45. Rbd1 Rc7 46. Kb2 Rdc8 47. Rd3
Kf8 48. b4 Kg7 49. c5 Rb8 50. Rb3 Rcb7 51. Rdd3 axb4 52. Rxb4 Rxb4+ 53. axb4
Rxb4+ 54. Ka3 Rc4 55. Kb2 Rb4+ 56. Ka3 Rc4 1/2-1/2

[Event "Online Olym Div2 D 2020"]
[Site "chess.com INT"]
[Date "2020.08.14"]
[Round "3.1"]
[Board "4"]
[White "Machlik, Edit"]
[Black "Morales Flores, Monserrat"]
[Result "0-1"]
[BlackTitle "WCM"]
[WhiteElo "2078"]
[BlackElo "1974"]
[WhiteTeam "Norway"]
[BlackTeam "Chile"]
[WhiteFideId "1513591"]
[BlackFideId "3412016"]
[EventDate "2020.08.14"]
[EventType "team"]

1. d4 Nf6 2. c4 g6 3. Nc3 Bg7 4. e4 d6 5. f4 O-O 6. Nf3 c5 7. d5 Na6 8. Bd3 Nc7
9. e5 Nfe8 10. O-O Bg4 11. Qe2 e6 12. exd6 Nxd6 13. h3 Bf5 14. Ne5 exd5 15. cxd5
Re8 16. Qf3 f6 17. Ng4 b5 18. a3 b4 19. axb4 cxb4 20. Na4 Ne4 21. Bc4 Kh8 22.
Rd1 Nd6 23. Bb3 Be4 24. Qf2 f5 25. Ne5 Bxe5 26. fxe5 Rxe5 27. Bf4 Re8 28. Qd4+
Kg8 29. Nc5 Ncb5 30. Qxb4 Qb6 31. Kh1 Rac8 32. Ne6 Qf2 33. Rg1 Qh4 34. Ba4 Qxh3+
35. Bh2 Bxd5 36. Nf4 Re4 37. Qa5 Rxf4 38. Bxb5 Nxb5 39. Qxb5 Ba8 40. Rxa7 Rh4
41. Qe5 Bxg2+ 42. Rxg2 Rc1+ 43. Rg1 Qf3# 0-1

[Event "Online Olym Div2 D 2020"]
[Site "chess.com INT"]
[Date "2020.08.14"]
[Round "3.1"]
[Board "5"]
[White "Castellanos Villela, Alejandro"]
[Black "Abdrlauf, Elham"]
[Result "0-1"]
[WhiteTitle "CM"]
[BlackTitle "FM"]
[WhiteElo "2202"]
[BlackElo "2373"]
[WhiteTeam "Chile"]
[BlackTeam "Norway"]
[WhiteFideId "3446379"]
[BlackFideId "1533533"]
[EventDate "2020.08.14"]
[EventType "team"]

1. e4 c6 2. Nf3 d5 3. d3 Bg4 4. h3 Bh5 5. Qe2 Bg6 6. g4 dxe4 7. dxe4 e5 8. Nc3
Nd7 9. Bd2 Ngf6 10. O-O-O Qc7 11. h4 Bb4 12. Bg2 O-O-O 13. h5 Bxc3 14. Bxc3 Bxe4
15. g5 Bxf3 16. Bxf3 e4 17. Bg2 Nd5 18. Bxg7 Rhg8 19. h6 Qf4+ 20. Kb1 Rge8 21.
Rd4 Qxg5 22. Rg1 f5 23. Qd1 Qf4 24. Bh3 Nc7 25. Qh5 Ne6 26. Rdd1 Kc7 27. Bxf5
Nec5 28. b4 e3 29. bxc5 Qb4+ 30. Ka1 e2 31. Rde1 Ne5 32. Qh3 Qxe1+ 33. Rxe1 Rd1+
34. Kb2 Rxe1 35. Qc3 Nc4+ 36. Qxc4 Rb1+ 37. Kxb1 e1=Q+ 38. Kb2 b5 39. Qf4+ Kb7
40. Bd3 a5 41. a4 bxa4 42. Qxa4 Kc7 43. Qf4+ Kb7 44. Bc3 Qe7 45. Qd6 Qf7 46. Qf6
Qc7 47. f4 Ka7 48. Qg7 Re7 49. Qd4 Qb8+ 50. Ka2 Ka8 51. Qa4 Qc8 52. Be4 Qe6+ 53.
Kb2 Qxe4 54. Qxa5+ Kb7 55. Be5 Rxe5 56. fxe5 Qxe5+ 57. Ka2 Qe6+ 58. Kb1 Qxh6 59.
Qb6+ Kc8 60. Kb2 Qf6+ 61. Kb3 Qf7+ 62. Kc3 Qg7+ 63. Kc4 Qb7 64. Qa5 Qb5+ 65.
Qxb5 cxb5+ 66. Kd5 h5 67. Ke5 Kc7 68. Kf5 Kc6 69. Kg5 Kxc5 70. Kxh5 Kc4 0-1

[Event "Online Olym Div2 D 2020"]
[Site "chess.com INT"]
[Date "2020.08.14"]
[Round "3.1"]
[Board "6"]
[White "Langvik, Ulrikke"]
[Black "Gomez Barrera, Javiera Belen"]
[Result "0-1"]
[BlackTitle "WIM"]
[WhiteElo "1548"]
[BlackElo "2083"]
[WhiteTeam "Norway"]
[BlackTeam "Chile"]
[WhiteFideId "1517910"]
[BlackFideId "3418723"]
[EventDate "2020.08.14"]
[EventType "team"]

1. d4 Nf6 2. Nf3 g6 3. Nc3 d5 4. Bf4 Bg7 5. Qd2 O-O 6. Bh6 c5 7. Bxg7 Kxg7 8.
O-O-O Qa5 9. h4 h5 10. Ne5 cxd4 11. Qxd4 Nc6 12. Nxc6 bxc6 13. f3 Rb8 14. Rg1
Rb4 15. Qd2 Qb6 16. b3 Qxg1 17. e4 d4 18. Nd5 Nxd5 19. exd5 Qe3 20. a3 Rb6 21.
c4 cxd5 22. Qxe3 dxe3 23. Rxd5 Rxb3 24. Rd3 Rxd3 25. Bxd3 Bf5 26. Bxf5 gxf5 27.
f4 Rd8 28. c5 e2 29. c6 e1=Q+ 0-1

[Event "Online Olym Div2 D 2020"]
[Site "chess.com INT"]
[Date "2020.08.14"]
[Round "3.2"]
[Board "1"]
[White "Grandelius, Nils"]
[Black "Kjartansson, Gudmundur"]
[Result "1-0"]
[WhiteTitle "GM"]
[BlackTitle "IM"]
[WhiteElo "2662"]
[BlackElo "2466"]
[WhiteTeam "Sweden"]
[BlackTeam "Iceland"]
[WhiteFideId "1710400"]
[BlackFideId "2301318"]
[EventDate "2020.08.14"]
[EventType "team"]

1. e4 c6 2. d4 d5 3. exd5 cxd5 4. Bd3 Nc6 5. c3 Qc7 6. h3 g6 7. Nf3 Bf5 8. Be2
Bg7 9. O-O Nf6 10. Be3 O-O 11. Nbd2 Ne4 12. Rc1 Rfd8 13. Re1 a6 14. a4 Nxd2 15.
Nxd2 Rab8 16. b4 b5 17. Nb3 e5 18. Nc5 Bc8 19. a5 Bf8 20. dxe5 Nxa5 21. Nxa6
Bxa6 22. bxa5 Ba3 23. Bb6 Rxb6 24. axb6 Qxb6 25. Rb1 Bc5 26. Rf1 d4 27. cxd4
Bxd4 28. Qb3 Bxe5 29. Bxb5 Bxb5 30. Qxb5 Qxb5 31. Rxb5 Bf6 32. Re1 Rd7 33. g3 h5
34. Kg2 Kg7 35. Re2 Rc7 36. Ra2 Bd4 37. Rb4 Bf6 38. Rba4 Rc5 39. Ra7 Rf5 40. Rd7
h4 41. g4 Rf4 42. Raa7 Be5 43. Ra3 Bf6 44. Rb3 Bg5 45. Rf3 Rxf3 46. Kxf3 Kf6 47.
Ra7 Bd2 48. Ke4 Be1 49. f4 Bd2 50. Ra6+ Kg7 51. f5 Bc3 52. Rc6 Bf6 53. Kf4 Bb2
54. fxg6 1-0

[Event "Online Olym Div2 D 2020"]
[Site "chess.com INT"]
[Date "2020.08.14"]
[Round "3.2"]
[Board "2"]
[White "Gretarsson, Helgi Ass"]
[Black "Hillarp Persson, Tiger"]
[Result "1/2-1/2"]
[WhiteTitle "GM"]
[BlackTitle "GM"]
[WhiteElo "2401"]
[BlackElo "2539"]
[WhiteTeam "Iceland"]
[BlackTeam "Sweden"]
[WhiteFideId "2300699"]
[BlackFideId "1700812"]
[EventDate "2020.08.14"]
[EventType "team"]

1. d4 Nf6 2. c4 g6 3. Nc3 Bg7 4. e4 d6 5. f4 c5 6. dxc5 Qa5 7. Bd3 Qxc5 8. Nf3
Bg4 9. Qe2 Nc6 10. Be3 Qa5 11. O-O Nd7 12. Rac1 O-O 13. Qf2 Nc5 14. Bb1 Bxf3 15.
gxf3 Na4 16. Nxa4 Qxa4 17. Rfd1 Rac8 18. Rd3 Qa5 19. a3 Qc7 20. b4 b6 21. Ba2
Rb8 22. Rcd1 Rfd8 23. Kh1 a5 24. b5 Na7 25. e5 Nc8 26. a4 Rf8 27. exd6 Nxd6 28.
Bxb6 Rxb6 29. c5 Rbb8 30. cxd6 exd6 31. Rxd6 Qc3 32. f5 Kh8 33. Rc6 Qa3 34. f6
Bh6 35. Rc4 Bg5 36. Kg2 Bxf6 37. Qc2 Rbd8 38. Rxd8 Rxd8 39. Rc8 Rxc8 40. Qxc8+
Kg7 41. Qc4 Qe7 42. b6 Be5 43. Qd5 Bb8 44. Qd4+ Kh6 45. Qd2+ Kh5 46. Bd5 f5 47.
b7 Qd6 48. Kh3 g5 49. Bf7+ Kh6 50. Qxd6+ Bxd6 51. Kg2 Kg7 52. Be8 Kf6 53. h3 Ke7
54. Bb5 h5 55. Kf2 Kf6 56. Ke3 Ke5 57. f4+ gxf4+ 58. Kf3 h4 59. Bd7 Bb8 60. Bc8
Bd6 1/2-1/2

[Event "Online Olym Div2 D 2020"]
[Site "chess.com INT"]
[Date "2020.08.14"]
[Round "3.2"]
[Board "3"]
[White "Cramling, Pia"]
[Black "Ptacnikova, Lenka"]
[Result "1-0"]
[WhiteTitle "GM"]
[BlackTitle "WGM"]
[WhiteElo "2464"]
[BlackElo "2117"]
[WhiteTeam "Sweden"]
[BlackTeam "Iceland"]
[WhiteFideId "1700030"]
[BlackFideId "305650"]
[EventDate "2020.08.14"]
[EventType "team"]

1. Nf3 c5 2. c4 Nf6 3. Nc3 g6 4. d4 cxd4 5. Nxd4 Nc6 6. e4 Nxd4 7. Qxd4 d6 8.
Bg5 Bg7 9. Qd2 O-O 10. Be2 Be6 11. Rc1 Qa5 12. f3 Rfc8 13. b3 a6 14. Na4 Qxd2+
15. Kxd2 Rc6 16. Be3 Nd7 17. Rhd1 Rac8 18. g4 f5 19. gxf5 gxf5 20. Nc3 Bxc3+ 21.
Rxc3 b5 22. Rg1+ Kf7 23. Bd4 bxc4 24. exf5 Bxf5 25. Bxc4+ e6 26. Rg7+ Ke8 27.
Bxa6 Rxc3 28. Bxc3 Rc5 29. b4 Rd5+ 30. Ke2 Ne5 31. a4 Kf8 32. Rc7 Nd3 33. Bc4
Nc1+ 34. Ke1 Nd3+ 35. Kd2 Nxb4+ 36. Bxd5 Nxd5 37. Rb7 1-0

[Event "Online Olym Div2 D 2020"]
[Site "chess.com INT"]
[Date "2020.08.14"]
[Round "3.2"]
[Board "4"]
[White "Johannsdottir, Johanna Bjorg"]
[Black "Agrest, Inna"]
[Result "0-1"]
[BlackTitle "WIM"]
[WhiteElo "1935"]
[BlackElo "2284"]
[WhiteTeam "Iceland"]
[BlackTeam "Sweden"]
[WhiteFideId "2303108"]
[BlackFideId "1708830"]
[EventDate "2020.08.14"]
[EventType "team"]

1. e4 e5 2. Nf3 Nc6 3. Bc4 Nf6 4. d3 Bc5 5. c3 a6 6. O-O Ba7 7. Bb3 d6 8. Nbd2
O-O 9. Re1 Nh5 10. Nf1 Qf6 11. Bg5 Qg6 12. Qd2 h6 13. Be3 Bg4 14. Bd1 f5 15.
exf5 Bxf5 16. Nh4 Qf6 17. g3 Bg6 18. Qe2 Nf4 19. Bxf4 exf4 20. d4 Bh7 21. Qg4
fxg3 22. Bb3+ Kh8 23. Nxg3 Qxf2+ 24. Kh1 Qf4 25. Ng6+ Bxg6 26. Qxg6 Qf3+ 27. Kg1
Qf6 28. Qc2 Ne5 29. Rf1 Qg5 30. Kh1 Ng4 31. Qe4 Nf2+ 32. Rxf2 Rxf2 33. Qxb7 Raf8
34. Rg1 Qh4 35. Rg2 Rxg2 36. Kxg2 Qf4 37. Qd5 Qf2+ 38. Kh3 Qf6 39. Qb7 Bb6 40.
Qe4 c5 41. Bc2 g6 42. d5 Bd8 43. Qxg6 Qxg6 44. Bxg6 Kg7 45. Bd3 a5 46. Nf5+ Kf6
47. Nxd6 Ke5 48. Nf5 Rxf5 49. Bxf5 Kxf5 50. c4 a4 51. b3 axb3 52. axb3 Ke4 53.
Kg4 Kd4 54. Kh5 Kc3 55. Kxh6 Kxb3 56. h4 Kxc4 57. d6 Kd5 58. h5 Kxd6 59. Kg6 Ke6
60. h6 c4 61. h7 Bf6 0-1

[Event "Online Olym Div2 D 2020"]
[Site "chess.com INT"]
[Date "2020.08.14"]
[Round "3.2"]
[Board "5"]
[White "Pantzar, Milton"]
[Black "Stefansson, Vignir Vatnar"]
[Result "0-1"]
[WhiteTitle "IM"]
[BlackTitle "FM"]
[WhiteElo "2424"]
[BlackElo "2301"]
[WhiteTeam "Sweden"]
[BlackTeam "Iceland"]
[WhiteFideId "1721003"]
[BlackFideId "2308649"]
[EventDate "2020.08.14"]
[EventType "team"]

1. d4 f5 2. Nf3 Nf6 3. c4 g6 4. Nc3 Bg7 5. Bf4 d6 6. e3 O-O 7. c5 e6 8. Bc4 Nh5
9. O-O Nc6 10. Bg5 Nf6 11. h4 h6 12. Bf4 Kh7 13. Qe2 dxc5 14. dxc5 Qe7 15. Rfd1
e5 16. Bh2 Be6 17. Rac1 Rad8 18. Bxe6 Qxe6 19. Qb5 Rb8 20. Qb3 Qe7 21. a3 Ng4
22. Nd5 Qf7 23. Bg3 Rfd8 24. Qc4 Rd7 25. Rd2 Rbd8 26. Rcd1 Kh8 27. e4 f4 28. Bh2
g5 29. hxg5 hxg5 30. b4 Qh5 31. Qe2 Nd4 32. Rxd4 exd4 33. Rd3 Nxh2 34. Ne5 Qxe2 0-1

[Event "Online Olym Div2 D 2020"]
[Site "chess.com INT"]
[Date "2020.08.14"]
[Round "3.2"]
[Board "6"]
[White "Haile, Batel Goitom"]
[Black "Zaritovskaja, Margarita"]
[Result "1/2-1/2"]
[WhiteElo "1587"]
[BlackElo "2040"]
[WhiteTeam "Iceland"]
[BlackTeam "Sweden"]
[WhiteFideId "2315190"]
[BlackFideId "14149249"]
[EventDate "2020.08.14"]
[EventType "team"]

1. e4 c5 2. Nf3 d6 3. d4 cxd4 4. Nxd4 Nf6 5. Nc3 a6 6. Be3 Ng4 7. Qd2 Nxe3 8.
Qxe3 g6 9. Bc4 Bg7 10. a3 Nc6 11. Nb3 O-O 12. O-O Rb8 13. Rad1 b5 14. Be2 Na5
15. Nxa5 Qxa5 16. Nd5 Re8 17. Nb4 Qc7 18. c3 e6 19. h3 Bb7 20. Bf3 Red8 21. Rfe1
Rbc8 22. Kh1 Qe7 23. Kg1 Be5 24. Nd3 Bg7 25. Nb4 Be5 26. Nd3 Bg7 27. Nb4 1/2-1/2

[Event "Online Olym Div2 D 2020"]
[Site "chess.com INT"]
[Date "2020.08.14"]
[Round "3.3"]
[Board "1"]
[White "Ivanisevic, Ivan"]
[Black "Saric, Ivan"]
[Result "0-1"]
[WhiteTitle "GM"]
[BlackTitle "GM"]
[WhiteElo "2604"]
[BlackElo "2646"]
[WhiteTeam "Serbia"]
[BlackTeam "Croatia"]
[WhiteFideId "912417"]
[BlackFideId "14508150"]
[EventDate "2020.08.14"]
[EventType "team"]

1. c4 e5 2. Nc3 Bb4 3. Nd5 Bc5 4. e3 Nf6 5. b4 Be7 6. Bb2 d6 7. Ne2 Nxd5 8. cxd5
O-O 9. g3 a5 10. bxa5 Rxa5 11. Bg2 Nd7 12. Bc3 Ra6 13. O-O Nb6 14. a4 f5 15. a5
Nd7 16. f4 Bf6 17. Qc2 e4 18. Bxf6 Rxf6 19. Nd4 Nc5 20. Rfc1 Bd7 21. Bf1 Ra8 22.
Qc3 Rf8 23. Nb3 Nxb3 24. Qxb3 Qb8 25. Qc3 Rc8 26. a6 b5 27. Qa5 Qb6 28. Qxb6
cxb6 29. Rxc8+ Rxc8 30. a7 Ra8 31. Ra6 b4 32. Bc4 b5 33. Rxd6 Rxa7 34. Bb3 Kf8
35. Kf2 Ke7 36. Rb6 Ra3 37. d6+ Kf6 38. Rb7 Rxb3 39. Rxd7 Rd3 40. Ke1 b3 41. Rb7
Rd5 42. d7 Ke7 43. Kd1 b2 44. Kc2 Rxd2+ 45. Kb1 Rxd7 46. Rxb5 g6 47. Rxb2 Rd3
48. Rb7+ Ke6 49. Rxh7 Rxe3 50. Kc2 Rd3 51. Rh8 Rd7 52. Re8+ Kf7 53. Re5 Kf6 54.
Rc5 Kg7 55. Re5 Rd8 56. g4 fxg4 57. Rxe4 Kf6 58. Re2 Kf5 59. Rf2 Ke4 60. Kc3 Ke3
61. Rf1 Rc8+ 62. Kb4 Rh8 63. Rg1 Kf3 64. Rg3+ Kxf4 65. Rg2 Kf3 66. Rg3+ Kf4 67.
Rg2 Rc8 68. Rf2+ Kg5 69. Rd2 Rc6 70. Rd7 Rc2 71. Rh7 Kf4 72. Kb3 Rc8 73. Rh6 g5
74. Rf6+ Ke4 75. Rg6 Kf5 76. Rh6 Rc1 77. Rh8 g3 78. hxg3 Kg4 79. Rg8 Rc5 80. Kb4
Rf5 81. Kc4 Kxg3 82. Kd3 g4 83. Ke2 Rf2+ 84. Ke1 Rf4 85. Rb8 Kh3 86. Ke2 g3 87.
Ke3 Rf7 88. Rh8+ Kg2 89. Rb8 Kh2 90. Rh8+ Kg1 91. Ke2 g2 92. Rh4 Re7+ 0-1

[Event "Online Olym Div2 D 2020"]
[Site "chess.com INT"]
[Date "2020.08.14"]
[Round "3.3"]
[Board "2"]
[White "Brkic, Ante"]
[Black "Sedlak, Nikola"]
[Result "1/2-1/2"]
[WhiteTitle "GM"]
[BlackTitle "GM"]
[WhiteElo "2594"]
[BlackElo "2549"]
[WhiteTeam "Croatia"]
[BlackTeam "Serbia"]
[WhiteFideId "14506688"]
[BlackFideId "922900"]
[EventDate "2020.08.14"]
[EventType "team"]

1. e4 e6 2. d4 d5 3. Nc3 Nf6 4. e5 Nfd7 5. f4 c5 6. Nf3 Nc6 7. Be3 cxd4 8. Nxd4
Bc5 9. Qd2 a6 10. O-O-O Nxd4 11. Bxd4 O-O 12. Qe3 Bxd4 13. Qxd4 b5 14. Bd3 Rb8
15. Ne2 Qc7 16. Kb1 b4 17. Qe3 Nc5 18. h4 a5 19. h5 a4 20. h6 g6 21. Nd4 Bd7 22.
g4 a3 23. b3 Na4 24. bxa4 Qc3 25. Kc1 b3 26. Ne2 Qb2+ 27. Kd2 bxc2 28. Bxc2 Bxa4
29. Qc3 Rfc8 30. Rb1 Qxc2+ 31. Qxc2 Rxc2+ 32. Kd3 Rcb2 33. Rxb2 axb2 34. Nc3
Bb5+ 35. Kd4 Bc4 36. Rb1 Kf8 37. Nd1 Bxa2 38. Rxb2 Rxb2 39. Nxb2 Bb1 1/2-1/2

[Event "Online Olym Div2 D 2020"]
[Site "chess.com INT"]
[Date "2020.08.14"]
[Round "3.3"]
[Board "3"]
[White "Injac, Teodora"]
[Black "Franciskovic, Borka"]
[Result "1-0"]
[WhiteTitle "WIM"]
[BlackTitle "WIM"]
[WhiteElo "2286"]
[BlackElo "2250"]
[WhiteTeam "Serbia"]
[BlackTeam "Croatia"]
[WhiteFideId "932400"]
[BlackFideId "14507943"]
[EventDate "2020.08.14"]
[EventType "team"]

1. d4 Nf6 2. Nf3 e6 3. e3 c5 4. Bd3 Nc6 5. O-O d5 6. b3 Bd6 7. dxc5 Bxc5 8. Bb2
O-O 9. Nbd2 b6 10. a3 Bb7 11. Qe2 a5 12. e4 dxe4 13. Nxe4 Nxe4 14. Qxe4 g6 15.
Ne5 f5 16. Nxc6 fxe4 17. Nxd8 Raxd8 18. Bc4 Bd5 19. Bb5 e3 20. fxe3 Bxe3+ 21.
Kh1 Rxf1+ 22. Rxf1 Rf8 23. Rxf8+ Kxf8 24. h3 Be4 25. c4 h5 26. h4 Ke7 27. Be5
Bc5 28. Bb2 Bf2 29. Kh2 Kd6 30. g3 e5 31. b4 axb4 32. axb4 Be3 33. Kh3 Bf3 34.
Be8 Be4 35. g4 hxg4+ 36. Kxg4 Bf5+ 37. Kf3 Bg1 38. Ba3 Ke7 39. Bc6 Kd6 40. Be4
Ke6 41. Bd5+ Kd7 42. c5 bxc5 43. bxc5 Bd4 44. Bb4 Kc8 45. Be4 Bxe4+ 46. Kxe4 Kd7
47. Kd5 Bf2 48. c6+ Kc8 49. Be7 Bg3 50. Bf6 Bf2 51. Kxe5 Kc7 52. Kd5 Kc8 53. Be7
Bg3 54. Bg5 Bf2 55. Bf6 Bg3 56. Ke6 Kc7 57. Be5+ Bxe5 58. Kxe5 Kxc6 59. Kf6 Kd7
60. Kxg6 Ke8 61. Kg7 Ke7 62. h5 1-0

[Event "Online Olym Div2 D 2020"]
[Site "chess.com INT"]
[Date "2020.08.14"]
[Round "3.3"]
[Board "4"]
[White "Medic, Mirjana"]
[Black "Blagojevic, Tijana"]
[Result "1/2-1/2"]
[WhiteTitle "WGM"]
[BlackTitle "WIM"]
[WhiteElo "2207"]
[BlackElo "2194"]
[WhiteTeam "Croatia"]
[BlackTeam "Serbia"]
[WhiteFideId "14501619"]
[BlackFideId "16500270"]
[EventDate "2020.08.14"]
[EventType "team"]

1. d4 d5 2. Nf3 Nf6 3. c4 c6 4. e3 Bg4 5. Nc3 e6 6. h3 Bh5 7. Be2 Nbd7 8. O-O
Bd6 9. cxd5 exd5 10. Bd3 O-O 11. e4 dxe4 12. Nxe4 Nxe4 13. Bxe4 Nf6 14. Bf5 Nd5
15. Qb3 Qb6 16. Qxb6 axb6 17. g4 Bg6 18. Bxg6 hxg6 19. Bd2 Rfe8 20. Rfe1 f6 21.
a3 Kf7 22. h4 Bf4 23. Rad1 Rxe1+ 24. Rxe1 Ra4 25. Bxf4 Nxf4 26. Rd1 Rc4 27. Kf1
Rc2 28. Rd2 Rc1+ 29. Ne1 Ke6 30. f3 Kd5 31. Kf2 b5 32. Nc2 Rh1 33. Ke3 g5 34.
hxg5 fxg5 35. Nb4+ Ke6 36. Nc2 Nd5+ 37. Ke2 Rh2+ 38. Kd3 Nf4+ 39. Ke3 Nd5+ 40.
Kd3 Nf4+ 41. Ke3 Rxd2 42. Kxd2 Kd5 43. Kc3 Ne2+ 44. Kd3 Nf4+ 45. Kc3 Ne2+ 46.
Kd3 Nf4+ 47. Kc3 1/2-1/2

[Event "Online Olym Div2 D 2020"]
[Site "chess.com INT"]
[Date "2020.08.14"]
[Round "3.3"]
[Board "5"]
[White "Ivic, Velimir"]
[Black "Livaic, Leon"]
[Result "1-0"]
[WhiteTitle "GM"]
[BlackTitle "IM"]
[WhiteElo "2548"]
[BlackElo "2507"]
[WhiteTeam "Serbia"]
[BlackTeam "Croatia"]
[WhiteFideId "950122"]
[BlackFideId "14531534"]
[EventDate "2020.08.14"]
[EventType "team"]

1. e4 e6 2. d4 d5 3. Nc3 Bb4 4. e5 c5 5. a3 Bxc3+ 6. bxc3 Ne7 7. Qg4 Qc7 8. Qxg7
Rg8 9. Qxh7 cxd4 10. Ne2 Nbc6 11. f4 dxc3 12. Qd3 d4 13. Nxd4 Nxd4 14. Qxd4 Bd7
15. Rg1 Nf5 16. Qf2 Qc6 17. Bd3 Qd5 18. Be3 Nxe3 19. Qxe3 Rxg2 20. Rxg2 Qxg2 21.
Be4 Qxh2 22. O-O-O Bc6 23. Bxc6+ bxc6 24. Qd4 Kf8 25. Kb1 Rb8+ 26. Ka1 Kg8 27.
Rg1+ Kh8 28. Qd1 Rb3 29. Qd8+ Kh7 30. Qg8+ Kh6 31. Qh8# 1-0

[Event "Online Olym Div2 D 2020"]
[Site "chess.com INT"]
[Date "2020.08.14"]
[Round "3.3"]
[Board "6"]
[White "Cvitan, Ena"]
[Black "Srdanovic, Jovana"]
[Result "1/2-1/2"]
[WhiteTitle "FM"]
[BlackTitle "WFM"]
[WhiteElo "2242"]
[BlackElo "2144"]
[WhiteTeam "Croatia"]
[BlackTeam "Serbia"]
[WhiteFideId "14534215"]
[BlackFideId "954810"]
[EventDate "2020.08.14"]
[EventType "team"]

1. d4 d5 2. c4 c6 3. cxd5 cxd5 4. Nc3 Nf6 5. Nf3 Nc6 6. Bf4 Bf5 7. e3 e6 8. Qb3
Bb4 9. Be2 O-O 10. O-O Rc8 11. Rfc1 Qe7 12. Nh4 Bg4 13. Bxg4 Nxg4 14. Nf3 Na5
15. Qa4 Bxc3 16. bxc3 b6 17. Nd2 Nc4 18. Qd1 Nf6 19. a4 Rc6 20. Bg5 Nxd2 21.
Qxd2 Rfc8 22. Bxf6 Qxf6 23. a5 b5 24. a6 Qd8 25. h3 Rc4 26. Qb2 Qb6 27. Rcb1 Rb8
28. Ra3 g6 29. Qa2 Qc6 30. Qb2 Rb6 31. Rb3 Rxa6 32. Rxb5 Rxc3 33. Rb8+ Kg7 34.
Qb4 Rc1+ 35. Rxc1 Qxc1+ 36. Kh2 Qc7+ 37. g3 Ra2 38. Qf8+ Kf6 39. Qh8+ Kf5 40.
Kg2 Rxf2+ 41. Kxf2 Qc2+ 42. Kf3 Qd1+ 43. Kf2 Qc2+ 44. Kf3 Qd1+ 45. Kf2 Qc2+ 1/2-1/2